00857cam a2200241 i 4500999001500000001000600015003000900021005001700030008004100047020001800088040002800106082002100134100001900155245007200174264004700246300002900293504005100322650003700373650002700410651004700437942001200484952011900496 c3709d370919214BD-DhUAP20200311113213.0200311s2014 bg b 001 0 eng  a9789845061308 aDLCbengcDLCdBD-DhUAP 223a954.9205 AHM1 aAhmed, Moudud.10aBangladesh, emergency and the aftermath, 2007-2008 /cMoudud Ahmed. 1aDhaka :bUniversity Press Limited,cc2014. axiv, 357 pages ;c22 cm. aIncludes bibliographical references and index. 0aInterim governmentszBangladesh. 0aElectionszBangladesh. 0aBangladeshxPolitics and governmenty1971- 2ddccBK 00102ddc4070aUAPCLbUAPCLcGeneral Stacksd2020-03-11o954.9205 AHMp3010019214r2020-03-11t1w2020-03-11yBK